Normal view
MARC view
Entry Topical Term
001 - CONTROL NUMBER
- control field: 48697
003 - CONTROL NUMBER IDENTIFIER
- control field: OSt
005 - DATE AND TIME OF LATEST TRANSACTION
- control field: 20160329154108.0
008 - FIXED-LENGTH DATA ELEMENTS
- fixed length control field: 160329|| aca||aabn | a|a d
040 ## - CATALOGING SOURCE
- Original cataloging agency: OSt
- Transcribing agency: OSt
150 ## - HEADING--TOPICAL TERM
- Topical term or geographic name entry element: Philisophy
670 ## - SOURCE DATA FOUND
- Source citation: Work cat.: (OSt)11104: गम्भीरानन्द स्वामी 48696, श्रीरामकृष्ण - भक्तमालिका , 2001









